00807nam a2200205 a 450000100100000000500170001000800410002702000150006804000250008308200190010810000270012724500480015426000330020230000260023559000630026104900090032495201230033395201280045699900170058400002200520200930011536.0100915s1999 ck r 000 f spa d a0789906880 aDO-SdBNPbspacBNPHU aRD863.4bG886c1 aGruger, Radán94561413aLa conspiración zelote /cRádan Gruger. aMiami, Fl. :bUnilit,c1999. a441, [3] p. ;c21 cm. aLa biblioteca posee un ejemplar autografiado por el autor. aBNGR 001054708MOaGRbGRcCTd2010-09-15iLF1l0oRD863.4 G886cp22005-10r2020-06-25w2020-06-25y4ZPréstamo en sala 001054728MOaGRbGRcCTd2010-09-15iLF1l0oRD863.4 G886cp22005-20r2020-06-25te.2w2020-06-25y4ZPréstamo en sala c21503d21503